00588nam a2200181Ia 450000500170000000800410001702000180005804100080007608200150008410000220009924500750012125000110019626000450020730000090025250000620026165000610032370000220038420230228150454.0230125s9999 xx 000 0 und d a9788121928854 aeng a658.7bBHA aBhattacharyya S K aLogistics ManagementbDefinition Dimension and Functional Applications aEd.2nd c2013bS. Chand & Company Ltd.aNew Delhi a416p aLogistics management;Materials and Logistics Management  aLogistics management;Materials and Logistics Management  aBhattacharyya S K